000 00279nam a2200133Ia 4500
100 _aBaker & Kozaeka
942 _cBK
654 _atools
245 _aCarbide cutting tools
260 _bTaraporevala Sons & Co
_c2001
082 _a621.9
300 _a416
546 _aENGLISH
999 _c33312
_d33312